Fisiología médica (Registro nro. 21408)

Detalles MARC
000 -CABECERA
Longitud fija campo de control 00860nam a2200241 b 4500
003 - IDENTIFICADOR DELl NÚMERO DE CONTROL
Identificador del número de control OSt
005 - FECHA Y HORA DE LA ÚLTIMA TRANSACCIÓN
Fecha y hora de la última transacción 20150611105418.0
008 - CÓDIGOS DE INFORMACIÓN DE LONGITUD FIJA
Códigos de información de longitud fija 090113s2010 mex ||| ||spa c
020 ## - NÚMERO INTERNACIONAL NORMALIZADO PARA LIBROS
Número Internacional Normalizado para Libros (ISBN) 978-0-07-478003-2
040 ## - FUENTE DE LA CATALOGACIÓN
Centro catalogador de origen BCRI
Centro transcriptor BCRI
082 ## - NÚMERO DE LA CLASIFICACIÓN DECIMAL DEWEY
Númeroo de clasificación 612
100 1# - PUNTO DE ACCESO PRINCIPAL-NOMBRE DE PERSONA
9 (RLIN) 8074
Nombre de persona Ganong, William F.
Fechas asociadas al nombre 1924-2007
245 10 - MENCIÓN DE TÍTULO
Título Fisiología médica
Mención de responsabilidad, etc. Ganong ; [editores, Kim E. Barrett ... (et al.) ; traducción, Jose Rafael Blengio Pinto ... (et al.)]
250 ## - MENCIÓN DE EDICIÓN
Mención de edición 24ª ed
260 ## - PUBLICACIÓN, DISTRIBUCIÓN, ETC. (PIE DE IMPRENTA)
Lugar de publicación, distribución, etc. México, D.F. [etc.]
Nombre del editor, distribuidor, etc. McGraw-HIll
Fecha de publicación, distribución, etc. 2013
300 ## - DESCRIPCIÓN FÍSICA
Extensión XIII, 752 p.
Otras características físicas il., gráf.
Dimensiones 29 cm
594 ## - NOTA AL TÍTULO Y MENCIÓN DE RESPONSABIBLIDAD
Nota Al Título Y Mención De Responsabilidad Precede al tít.: A Lange medical book
594 ## - NOTA AL TÍTULO Y MENCIÓN DE RESPONSABIBLIDAD
Nota Al Título Y Mención De Responsabilidad Traducción de: Ganong's review of a medical physiology, 23rd ed.
650 24 - PUNTO DE ACCESO ADICIONAL DE MATERIA - TÉRMINO DE MATERIA
Término de materia o nombre geográfico como elemento inicial Fisiología humana
9 (RLIN) 580
700 1# - PUNTO DE ACCESO ADICIONAL - NOMBRE DE PERSONA
9 (RLIN) 8046
Nombre de persona Barrett, Kim E.
700 1# - PUNTO DE ACCESO ADICIONAL - NOMBRE DE PERSONA
9 (RLIN) 34978
Nombre de persona Benglio Pinto, Jose Rafael
942 ## - ENTRADA DE ELEMENTOS AGREGADOS (KOHA)
Fuente de clasificaión o esquema Dewey Decimal Classification
Koha [por defecto] tipo de item 1- Monografias
Parte de clasificación prozim
Existencias
Suprimido Perdido Fuente de clasificación o esquema Estropeado Restricciones de uso No para préstamo Código de colección Localización permanente Localización actual Localización en estanter&íacute;as Fecha adquisición Fuente de adquisición Número de inventario Préstamos totales Signatura completa Código de barras Fecha última consulta Fecha último préstamo Coste, precio reemplazado Fecha del precio de reemplazo Tipo de item de Koha
NULL NULL Dewey Decimal Classification NULL Prestable NULL NULL Biblioteca Centro Regional de Ilobasco Biblioteca Centro Regional de Ilobasco Sala Principal 11/06/2015 UNICAES LI00451 2 612 GAN fis 1031779 03/10/2025 03/10/2025 93.24 11/06/2015 1- Monografias
NULL NULL Dewey Decimal Classification NULL Prestable NULL NULL Biblioteca Centro Regional de Ilobasco Biblioteca Centro Regional de Ilobasco Sala Principal 11/06/2015 UNICAES LI00452 3 612 GAN fis 1031780 23/02/2023 23/02/2023 93.24 11/06/2015 1- Monografias
NULL NULL Dewey Decimal Classification NULL Prestable NULL NULL Biblioteca Centro Regional de Ilobasco Biblioteca Centro Regional de Ilobasco Sala Principal 11/06/2015 UNICAES LI00453 1 612 GAN fis 1031781 03/12/2024 03/12/2024 93.24 11/06/2015 1- Monografias